Zápisky diletanta

Bibliographic Details
Main Author: Strauss, Pavol, 1912-1994 (Author)
Other Authors: Felix, Jozef, 1913-1977 (Author of afterword, colophon, etc.)
Format: Book
Language:Slovak
PhysicalDescription:119, [1] s. 18 cm
Published: Bratislava Tatran 1968
Subjects:

MARC

LEADER 00000cam a2200000 a 4500
001 vtls008312090
003 SK-MaSNL
005 20260301122940.0
008 180927s1968 xo g 000 h slo
015 |a SNBA1968/04-00755 
020 |q (viazané) 
035 |a SK01SNK19680004307 
035 |a urn:nbn:sk:snk-am3h6z8 
035 |a urn:nbn:sk:snk-am00cpyr 
035 |a CEAC526C-D615-4AD5-9839-36517EF32EC9 
035 |a SKM000006770 
040 |a SNK  |b slo  |c SNK  |e AACR2 
041 0 |a slo 
044 |a xo  |c SK 
072 7 |a 821.162.4  |x Slovenská literatúra  |2 konspekt 
080 |a 821.162.4  |2 2011 
080 |a (0:82-84)  |2 2011 
100 1 |a Strauss, Pavol,  |d 1912-1994  |4 aut  |9 93225 
245 1 0 |a Zápisky diletanta  |c Pavol Strauss ; doslov napísal Jozef Felix 
260 |a Bratislava  |b Tatran  |c 1968 
300 |a 119, [1] s.  |c 18 cm 
650 0 7 |a slovenská literatúra  |2 SNKPH  |9 1115 
650 0 7 |a Slovak literature  |2 SNKPHeng  |9 265073 
655 7 |a aforizmy  |2 SNKPH  |9 1250 
655 7 |a Aphorisms  |2 SNKPHeng  |9 297683 
700 1 |a Felix, Jozef,  |d 1913-1977  |4 aft  |9 92715 
954 |a beletria pôvodná (slovenská)  |2 lita 
958 |a TL 
958 |a RK 
958 |a LX 
999 |c 734646  |d 736576 
952 |a SNK  |b SNK  |y PREZ  |7 0  |p 17A0848512  |o snkSD 33123  |z Venovanie od autora z 18.06.1968  |0 0  |1 0  |4 0  |d 2013-08-08  |f 1  |l 0  |r 2026-02-23 22:40:54  |w 2026-02-23 
952 |a SNK  |b SNK  |y VYP  |7 0  |p 17A0636499  |o snkSD 33123 D1  |i snkKSP 3154/68  |0 0  |1 0  |4 0  |d 2009-11-09  |l 0  |r 2026-02-23 22:40:54  |w 2026-02-23